000 00303nam a22001457a 4500
008 210526b ||||| |||| 00| 0 eng d
020 _a0205076831
041 _aeng
080 _a510
082 _a510
100 _a36
101 _aMAT
245 _aCollege Algebra
_cGulati,B.R
942 _2udc
_cBK
999 _c57643
_d57643